Statistiques concernant Culture Générale - Série 1770

Cliquez ici pour prendre le quiz!

Statistiques générales

  • Ce quiz a été pris 307 fois
  • Le résultat moyen est 5 sur 10

Statistiques - réponses

QuestionRéponse% Correct
Où se situe le fleuve Yangzi Jiang ?Chine
94%
De quel pays le koala est-il originaire ?Australie
93%
De quel pays Justin Trudeau a-t-il été élu Premier ministre en novembre 2015 ?Canada
87%
Quel oiseau peut être ramier, biset ou colombin ?pigeon
73%
Quel pays a construit un mur de barbelés en 2015 pour contenir l’afflux de réfugiés et de migrants ?Hongrie
46%
Quel chanteur américain (initiales : MG) a été assassiné par son père en 1984 ?Marvin Gaye
33%
Qui était la chanteuse des Supremes entre 1961 et 1970 ?Diana Ross
29%
À qui s’adresse Anita Ekberg depuis la fontaine de Trévi dans le film de Fellini, "La dolce vita" ?Marcello Mastroianni
24%
Quel est le nom usuel des chiroptères ?chauves-souris
21%
Dans quelle ville peut-on déambuler dans le Prater ?Vienne
21%

Distribution des résultats

Percentile par nombre de réponses

% des personnes avec chaque résultat

Votre développement - résultats

Vous n’avez pas pris ce quiz